<?xml version="1.0" encoding="UTF-8"?>
<record
    xmlns:xsi="http://www.w3.org/2001/XMLSchema-instance"
    xsi:schemaLocation="http://www.loc.gov/MARC21/slim http://www.loc.gov/standards/marcxml/schema/MARC21slim.xsd"
    xmlns="http://www.loc.gov/MARC21/slim">

  <leader>02606nam a22002537a 4500</leader>
  <controlfield tag="008">251111b        |||||||| |||| 00| 0 eng d</controlfield>
  <datafield tag="020" ind1=" " ind2=" ">
    <subfield code="a">9788490669297</subfield>
  </datafield>
  <datafield tag="040" ind1=" " ind2=" ">
    <subfield code="c">TBS</subfield>
  </datafield>
  <datafield tag="041" ind1=" " ind2=" ">
    <subfield code="a">spa</subfield>
  </datafield>
  <datafield tag="050" ind1=" " ind2=" ">
    <subfield code="a">PQ6653.E62</subfield>
    <subfield code="b">I54 2021</subfield>
  </datafield>
  <datafield tag="100" ind1=" " ind2=" ">
    <subfield code="a">Cercas, Javier</subfield>
    <subfield code="d">1962-</subfield>
    <subfield code="9">25458</subfield>
    <subfield code="e">author</subfield>
  </datafield>
  <datafield tag="245" ind1=" " ind2=" ">
    <subfield code="a">Independencia</subfield>
    <subfield code="c">/ Javier Cercas.</subfield>
  </datafield>
  <datafield tag="260" ind1=" " ind2=" ">
    <subfield code="a">Barcelona :</subfield>
    <subfield code="b">Tusquets Editores,</subfield>
    <subfield code="c">2021.</subfield>
  </datafield>
  <datafield tag="300" ind1=" " ind2=" ">
    <subfield code="a">395 pages ; </subfield>
    <subfield code="c">23 cm.</subfield>
  </datafield>
  <datafield tag="490" ind1=" " ind2=" ">
    <subfield code="a">Terra alta ;</subfield>
    <subfield code="v">bk. 2</subfield>
  </datafield>
  <datafield tag="520" ind1=" " ind2=" ">
    <subfield code="a">&#xBF;C&#xF3;mo enfrentarse a quienes manejan el poder en las sombras? &#xBF;C&#xF3;mo vengarse de quienes m&#xE1;s da&#xF1;o te han hecho? Vuelve Melchor Mar&#xED;n. Y a Barcelona, donde es reclamado para investigar un caso vidrioso: est&#xE1;n chantajeando con un v&#xED;deo sexual a la alcaldesa de la ciudad. Cargado con su pesar por no haber encontrado a los asesinos de su madre, pero tambi&#xE9;n con su inflexible sentido de la justicia y su rocosa integridad moral, Melchor debe desmontar una extorsi&#xF3;n que no se sabe si persigue el simple beneficio econ&#xF3;mico o la desestabilizaci&#xF3;n pol&#xED;tica, y, para hacerlo, se adentra en los c&#xED;rculos del poder, un lugar donde reinan el cinismo, la ambici&#xF3;n sin escr&#xFA;pulos y la brutalidad corrupta. Por ah&#xED;, esta novela absorbente y salvaje, poblada de una pl&#xE9;yade de personajes memorables, se convierte en un retrato demoledor de la &#xE9;lite pol&#xED;tico-econ&#xF3;mica barcelonesa, pero sobre todo en un furioso alegato contra la tiran&#xED;a de los due&#xF1;os del dinero y los amos del mundo</subfield>
  </datafield>
  <datafield tag="520" ind1=" " ind2=" ">
    <subfield code="a">How do you confront those who wield power from the shadows? How do you take revenge on those who have hurt you the most?

Melchor Mar&#xED;n returns&#x2014;and to Barcelona, where he is called in to investigate a delicate case: the city&#x2019;s mayor is being blackmailed with a sex video. Burdened by the pain of never having found his mother&#x2019;s killers, yet driven by his unyielding sense of justice and rock-solid moral integrity, Melchor must unravel an extortion scheme whose motives are unclear&#x2014;whether it&#x2019;s simple financial gain or a plot to create political chaos.

As he ventures into the inner circles of power&#x2014;a realm ruled by cynicism, ruthless ambition, and corrupt brutality&#x2014;this gripping, ferocious novel unfolds as both a devastating portrait of Barcelona&#x2019;s political and economic elite and a furious denunciation of the tyranny of money and the masters of the world.</subfield>
  </datafield>
  <datafield tag="650" ind1=" " ind2="0">
    <subfield code="a">Extortion investigation </subfield>
    <subfield code="9">26464</subfield>
  </datafield>
  <datafield tag="650" ind1=" " ind2="0">
    <subfield code="a">Police</subfield>
    <subfield code="z">Spain</subfield>
    <subfield code="z">Barcelona</subfield>
    <subfield code="9">26465</subfield>
  </datafield>
  <datafield tag="650" ind1=" " ind2="0">
    <subfield code="a">Political corruption</subfield>
    <subfield code="9">7918</subfield>
  </datafield>
  <datafield tag="651" ind1=" " ind2="0">
    <subfield code="a">Barcelona (Spain)</subfield>
    <subfield code="9">22511</subfield>
  </datafield>
  <datafield tag="655" ind1=" " ind2="0">
    <subfield code="a">Detective and mystery fiction</subfield>
    <subfield code="9">23664</subfield>
  </datafield>
  <datafield tag="942" ind1=" " ind2=" ">
    <subfield code="2">lcc</subfield>
  </datafield>
  <datafield tag="952" ind1=" " ind2=" ">
    <subfield code="0">0</subfield>
    <subfield code="1">0</subfield>
    <subfield code="2">lcc</subfield>
    <subfield code="4">0</subfield>
    <subfield code="7">0</subfield>
    <subfield code="a">TBS</subfield>
    <subfield code="b">TBS</subfield>
    <subfield code="d">2025-11-11</subfield>
    <subfield code="l">0</subfield>
    <subfield code="o">P-SP CER</subfield>
    <subfield code="p">B05659</subfield>
    <subfield code="r">2025-11-11</subfield>
    <subfield code="t">1</subfield>
    <subfield code="w">2025-11-11</subfield>
    <subfield code="y">1</subfield>
  </datafield>
  <datafield tag="999" ind1=" " ind2=" ">
    <subfield code="c">5167</subfield>
    <subfield code="d">5167</subfield>
  </datafield>
</record>
